Environmental handbook for building and civil engineering projects (Record no. 100579)

MARC details
000 -LEADER
fixed length control field 01088cam a2200313 4500
008 - FIXED-LENGTH DATA ELEMENTS--GENERAL INFORMATION
fixed length control field 000000n2000 000 0 eng u
020 ## - INTERNATIONAL STANDARD BOOK NUMBER
International Standard Book Number 086017512X
020 ## - INTERNATIONAL STANDARD BOOK NUMBER
International Standard Book Number 0860175286
020 ## - INTERNATIONAL STANDARD BOOK NUMBER
International Standard Book Number 0860175294
035 ## - SYSTEM CONTROL NUMBER
System control number (Sirsi) u106566
050 ## - LIBRARY OF CONGRESS CALL NUMBER
Classification number 333.72
110 ## - MAIN ENTRY--CORPORATE NAME
Corporate name or jurisdiction name as entry element Construction Industry Research and Information Association
9 (RLIN) 4810
245 ## - TITLE STATEMENT
Title Environmental handbook for building and civil engineering projects
260 ## - PUBLICATION, DISTRIBUTION, ETC.
Place of publication, distribution, etc. London
Name of publisher, distributor, etc. CIRIA
Date of publication, distribution, etc. 2000
300 ## - PHYSICAL DESCRIPTION
Extent 1 vol. (loose-leaf) ; 30cm.
350 ## - PRICE (NR) (BK AM CF MU VM SE) [OBSOLETE]
Price 90.00
490 ## - SERIES STATEMENT
Series statement CIRIA Publication
Volume/sequential designation CD12, C528 & C529
505 ## - FORMATTED CONTENTS NOTE
Formatted contents note Part 1. Design and specification
505 ## - FORMATTED CONTENTS NOTE
Formatted contents note Part 2. Construction
505 ## - FORMATTED CONTENTS NOTE
Formatted contents note Part 3. Demolition and site clearance
520 ## - SUMMARY, ETC.
Summary, etc. This volume contains 3 separate parts which are also available from CIRIA separately.
650 ## - SUBJECT ADDED ENTRY--TOPICAL TERM
Topical term or geographic name entry element BUILT ENVIRONMENT-CONSTRUCTION DESIGN
650 ## - SUBJECT ADDED ENTRY--TOPICAL TERM
Topical term or geographic name entry element ENVIRONMENTAL HANDBOOK
650 ## - SUBJECT ADDED ENTRY--TOPICAL TERM
Topical term or geographic name entry element BUILDING INDUSTRY
650 ## - SUBJECT ADDED ENTRY--TOPICAL TERM
Topical term or geographic name entry element POLLUTION
650 ## - SUBJECT ADDED ENTRY--TOPICAL TERM
Topical term or geographic name entry element Environment
9 (RLIN) 6238
690 ## - LOCAL SUBJECT ADDED ENTRY--TOPICAL TERM (OCLC, RLIN)
Topical term or geographic name as entry element ENVIRONMENTAL AND LAND CONSULTANCY-ENVIRONMENTAL MANAGEMENT
942 ## - ADDED ENTRY ELEMENTS (KOHA)
Suppress in OPAC 0
Holdings
Withdrawn status Lost status Source of classification or shelving scheme Damaged status Not for loan Home library Current library Shelving location Date acquired Total Checkouts Full call number Barcode Date last seen Date last checked out Copy number Price effective from Koha item type
    Dewey Decimal Classification     London London Reference copy 19/06/2000 2 CIRIA REPORTS 30061641 23/04/2024 07/08/2001 1 06/08/2019 Book